[Event "Gaprindashvili Cup Open II Stage 2020"]
[Site "Online"]
[Date "2020.11.08"]
[Round "5.12"]
[White "Didmanidze, Tengiz"]
[Black "Endeladze, Ramaz"]
[Result "0-1"]
[WhiteElo "1922"]
[BlackElo "1894"]
[Annotator "TA"]
[PlyCount "157"]
[EventDate "2020.11.04"]
[EventType "swiss"]
[SourceTitle "playchess.com"]
[Source "ChessBase"]
[SourceQuality "1"]

{[%evp 20,157,41,45,78,72,93,64,113,116,111,112,156,151,208,197,203,41,64,11,12,0,0,-12,-6,-10,-15,-14,-4,-7,-7,-7,0,0,0,0,0,0,0,0,0,0,0,0,0,0,0,0,0,0,0,0,0,0,0,-4,0,-6,31,31,31,31,31,31,31,32,49,0,0,0,0,0,8,8,8,8,8,8,8,-43,-42,-113,-113,-157,-157,-157,-157,-157,-157,-157,-157,-157,-157,-157,-157,-157,-32,-32,-32,-157,-157,-157,-26,-157,-157,-157,-144,-142,-142,-138,-131,-131,-131,-131,-34,-357,-357,-357,-357,-503,-489,-29957,-12847,-29964,-29965,-29962,-29965,-5854,-4681,-29970,-29971,-29971,-29971,-29962,-29963,-29984,-29985,-29985,-29986,-29990]} 1. d4 Nf6 2. c4 g6 3. Nc3 Bg7 4. e4 d6 5. h3 O-O 6. Nf3 c5 7. d5 e6 8. Bd3 exd5 9. exd5 Re8+ 10. Be3 Nbd7 11. O-O Rxe3 {E90: King's Indian: Classical: Early deviations and 6 h3.} 12. fxe3 Qe7 13. Qc2 {[#]} Ne5 $146 {White is slightly better.} ({Predecessor:} 13... Nh5 14. Qf2 f5 15. Rab1 b6 16. Rfe1 Ba6 17. Ne2 Ne5 18. Nxe5 dxe5 19. b3 Rf8 {½-½ (52) Cai,C (1961)-Gozzoli,Y (2573) Escaldes 2016}) 14. Nxe5 Qxe5 15. Rf3 Bd7 16. Qf2 Be8 (16... Qe7 $16 17. Rf1 Rf8) 17. Rf1 $18 Nd7 18. Ne4 $2 (18. Rxf7 $18 {Hoping for Ne4.} Bxf7 19. Qxf7+ {[%mdl 64] Double Attack} Kh8 20. Ne4 (20. Qxd7 Qxe3+ 21. Kh1 Qxd3 $11 {[%mdl 64] Double Attack})) 18... Qe7 19. Qd2 ({White should play} 19. Qe2 $14) 19... f5 $11 20. Nc3 Ne5 21. e4 Nxf3+ 22. Rxf3 fxe4 23. Nxe4 Bd7 24. Qg5 Qxg5 25. Nxg5 Rf8 (25... Re8 {looks sharper.} 26. g4 Re7 27. Ne4 Be5 28. Kg2 Kg7) 26. Rxf8+ Bxf8 {[%mdl 4096] Endgame KBB-KBN} 27. Ne4 Kf7 28. Kf2 h6 29. Kf3 Ke7 30. b3 Bg7 31. g4 Be5 32. h4 Bb2 33. g5 hxg5 34. Nxg5 Kf6 35. Ne4+ Ke5 36. Ng5 Be8 37. Ne6 Bc1 38. Bb1 Bf7 39. Nd8 Be8 40. Nxb7 g5 41. hxg5 Bxg5 42. Na5 Bh5+ 43. Kf2 (43. Kg3 $5 {[%cal Ra5c6]}) 43... Bh4+ 44. Ke3 Bg5+ 45. Kf2 Kd4 46. Nc6+ Kc3 47. Nxa7 Kb2 48. Bd3 Kxa2 49. Nc8 (49. Kg3 $11) 49... Bf4 $15 50. Nb6 (50. Be2 $1 $15 Be8 51. Bd1) 50... Kxb3 $17 51. Bf5 Kc3 52. Bd7 Kd4 53. Bb5 Bg5 54. Nc8 Ke5 55. Na7 Ke4 56. Nc8 Bf4 57. Bd7 Be3+ (57... Kd4 $17 58. Bb5 Bd1) 58. Kg3 $15 Ke5 59. Ne7 ({White has to play} 59. Bg4 $15 Bg6 60. Kf3) 59... Be2 $17 60. Bb5 Bd3 (60... Ke4 $17 61. Nc8 Bf4+ 62. Kf2 Bd3) 61. Nc6+ (61. Kf3 $11 {was the only way to keep the balance.} Bg5 62. Nc6+ Kf6 63. Nd8) 61... Ke4 62. Ne7 Bf4+ 63. Kf2 Kd4 64. Kf3 Bh6 ({Much weaker is} 64... Bxc4 $6 65. Bxc4 Bg5 66. Nf5+ Kxc4 67. Nxd6+ Kd4 68. Ne4 $11) 65. Nc8 {[#]} Bf8 $1 ({Of course not} 65... Bxc4 $6 66. Bxc4 Kxc4 67. Nxd6+ Kxd5 68. Nb7 $11) 66. Nb6 Be7 (66... Bc2 $17 67. Nc8 Be4+ 68. Kg4 Bd3) 67. Kf4 $2 {[%mdl 8192]} (67. Nc8 $15 Bf8 68. Nb6) 67... Bd8 $19 68. Nc8 {[#]} Bc7 $1 ({Not} 68... Bxc4 69. Bxc4 Kxc4 70. Nxd6+ Kxd5 71. Nb7 $11) 69. Ne7 (69. Na7 $142 Bxc4 70. Bc6) 69... Bxc4 70. Bxc4 (70. Be8 $19 Bd3 71. Nc6+ Kxd5 72. Ke3) 70... Kxc4 {KB-KN} 71. Kf5 Kd3 72. Ke6 c4 73. Nc6 Ke4 74. Kd7 c3 {Black mates.} 75. Nb4 Ba5 76. Nc2 Kd3 77. Na3 Bb4 78. Nb5 c2 79. Nxd6 {Quite a comeback for Black. Av CentiPawn Loss W=296/B=-39. Weighted=73/-27} 0-1

[Event "Gaprindashvili Cup Open II Stage 2020"]
[Site "Online"]
[Date "2020.11.08"]
[Round "5.13"]
[White "Kachkachishvili, Lasha"]
[Black "kiladze, Luka"]
[Result "0-1"]
[WhiteElo "1681"]
[BlackElo "1786"]
[Annotator "NA RC"]
[PlyCount "60"]
[EventDate "2020.11.04"]
[EventType "swiss"]
[SourceTitle "playchess.com"]
[Source "ChessBase"]
[SourceQuality "1"]
[TimeControl "1500+5"]

1. Nf3 {[%emt 0:00:11]} g6 {[%emt 0:00:04]} 2. d4 {[%emt 0:00:06]} Bg7 {[%emt 0:00:01]} 3. Bf4 {[%emt 0:00:02]} Nf6 {[%emt 0:00:03]} 4. h3 {[%emt 0:00:04]} d6 {[%emt 0:00:01]} 5. e3 {[%emt 0:00:03]} O-O {[%emt 0:00:02]} 6. Be2 {[%emt 0:00:02]} Nfd7 {[%emt 0:00:03]} 7. O-O {[%emt 0:00:05]} e5 {[%emt 0:00:01]} 8. Bh2 {[%emt 0:00:01]} Nc6 {[%emt 0:00:05]} 9. c4 {[%emt 0:00:04]} h6 {[%emt 0:00:13]} 10. Nc3 {[%emt 0:00:32]} a6 {[%emt 0:00:31]} 11. Rc1 {[%emt 0:00:07]} Re8 {[%emt 0:00:07]} 12. d5 {[%emt 0:00:17]} Ne7 {[%emt 0:00:03]} 13. e4 {[%emt 0:00:32]} f5 {[%emt 0:00:05]} 14. b4 {[%emt 0:00:52]} Nf6 {[%emt 0:00:08]} 15. Bd3 {[%emt 0:02:03]} f4 {[%emt 0:00:51]} 16. c5 {[%emt 0:00:09]} g5 {[%emt 0:00:04]} 17. Nd2 {[%emt 0:00:09]} h5 {[%emt 0:00:03]} 18. f3 {[%emt 0:00:42]} g4 {[%emt 0:00:08]} 19. fxg4 {[%emt 0:01:17]} hxg4 {[%emt 0:00:03]} 20. g3 {[%emt 0:01:25]} Ng6 {[%emt 0:00:51]} 21. h4 {[%emt 0:02:00]} Nh5 {[%emt 0:00:14]} 22. Qe1 {[%emt 0:01:56]} Bh6 {[%emt 0:00:06]} 23. gxf4 {[%emt 0:01:31]} exf4 {[%emt 0:00:23]} 24. Be2 {[%emt 0:01:25]} Nxh4 {[%emt 0:01:41]} 25. Nc4 {[%emt 0:01:15]} Qg5 {[%emt 0:00:46]} 26. e5 {[%emt 0:00:53]} g3 {[%emt 0:00:05]} 27. Bf3 {[%emt 0:01:00]} Nxf3+ {[%emt 0:01:00]} 28. Rxf3 {[%emt 0:00:15]} Qh4 {[%emt 0:00:17]} 29. Qd2 {[%emt 0:02:38]} Bg4 {[%emt 0:02:51]} 30. Rd3 {[%emt 0:00:22]} f3 {[%emt 0:00:09]} 0-1

[Event "Gaprindashvili Cup Open II Stage 2020"]
[Site "Online"]
[Date "2020.11.08"]
[Round "5.14"]
[White "Tsanatsqenishvili, Giorgi"]
[Black "Tsereteli, Tornike"]
[Result "1-0"]
[WhiteElo "1631"]
[BlackElo "1765"]
[Annotator "NA RC"]
[PlyCount "99"]
[EventDate "2020.11.04"]
[EventType "swiss"]
[SourceTitle "playchess.com"]
[Source "ChessBase"]
[SourceQuality "1"]
[TimeControl "1500+5"]

1. e4 {[%emt 0:00:03]} e6 {[%emt 0:00:03]} 2. d4 {[%emt 0:00:07]} d5 {[%emt 0:00:03]} 3. Nd2 {[%emt 0:00:01]} Nf6 {[%emt 0:00:02]} 4. e5 {[%emt 0:00:02]} Nfd7 {[%emt 0:00:01]} 5. Bd3 {[%emt 0:00:02]} c5 {[%emt 0:00:01]} 6. c3 {[%emt 0:00:01]} Nc6 {[%emt 0:00:01]} 7. Ne2 {[%emt 0:00:02]} cxd4 {[%emt 0:00:02]} 8. cxd4 {[%emt 0:00:01]} f6 {[%emt 0:00:01]} 9. exf6 {[%emt 0:00:02]} Nxf6 {[%emt 0:00:01]} 10. O-O {[%emt 0:00:03]} Bd6 {[%emt 0:00:02]} 11. Nf3 {[%emt 0:00:01]} O-O {[%emt 0:00:01]} 12. Bg5 {[%emt 0:00:14]} Qc7 {[%emt 0:00:04]} 13. Rc1 {[%emt 0:00:06]} h6 {[%emt 0:00:43]} 14. Bxf6 {[%emt 0:00:32]} Rxf6 {[%emt 0:00:03]} 15. Ng3 {[%emt 0:00:21]} Qf7 {[%emt 0:00:44]} 16. Bb1 {[%emt 0:01:24]} Bd7 {[%emt 0:00:21]} 17. Qd3 {[%emt 0:00:15]} g5 {[%emt 0:00:12]} 18. Rfe1 {[%emt 0:00:52]} Bxg3 {[%emt 0:01:54]} 19. fxg3 {[%emt 0:00:50]} Rf8 {[%emt 0:00:08]} 20. a3 {[%emt 0:00:20]} Qg7 {[%emt 0:00:26]} 21. Ne5 {[%emt 0:04:07]} Be8 {[%emt 0:00:29]} 22. Nxc6 {[%emt 0:00:26]} Bxc6 {[%emt 0:00:09]} 23. Re5 {[%emt 0:00:23]} Qf7 {[%emt 0:00:38]} 24. h3 {[%emt 0:00:21]} a6 {[%emt 0:00:04]} 25. Rce1 {[%emt 0:00:39]} Bd7 {[%emt 0:00:29]} 26. Bc2 {[%emt 0:01:35]} Rf2 {[%emt 0:00:38]} 27. a4 {[%emt 0:02:31]} b5 {[%emt 0:02:02]} 28. b3 {[%emt 0:01:50]} Rc8 {[%emt 0:00:35]} 29. Bd1 {[%emt 0:00:37]} Rc1 {[%emt 0:00:39]} 30. Qe3 {[%emt 0:00:20]} Rxd1 {[%emt 0:01:19]} 31. Rxd1 {[%emt 0:00:03]} Rf6 {[%emt 0:00:04]} 32. axb5 {[%emt 0:00:11]} Bxb5 {[%emt 0:00:03]} 33. Re1 {[%emt 0:00:18]} Bd7 {[%emt 0:00:15]} 34. Qe2 {[%emt 0:00:26]} Bb5 {[%emt 0:00:32]} 35. Qg4 {[%emt 0:00:03]} Bd7 {[%emt 0:00:16]} 36. Kh2 {[%emt 0:00:18]} Kh7 {[%emt 0:00:43]} 37. R1e3 {[%emt 0:00:19]} Rf1 {[%emt 0:00:42]} 38. Rf3 {[%emt 0:00:07]} Rxf3 {[%emt 0:00:02]} 39. Qxf3 {[%emt 0:00:03]} Qxf3 {[%emt 0:00:05]} 40. gxf3 {[%emt 0:00:01]} Kg6 {[%emt 0:00:02]} 41. Kg2 {[%emt 0:00:08]} Kf6 {[%emt 0:00:01]} 42. g4 {[%emt 0:00:13]} Bb5 {[%emt 0:00:03]} 43. Kg3 {[%emt 0:00:06]} Bd3 {[%emt 0:00:05]} 44. Re3 {[%emt 0:00:04]} Bf1 {[%emt 0:00:12]} 45. h4 {[%emt 0:00:03]} Bb5 {[%emt 0:00:11]} 46. f4 {[%emt 0:00:05]} Bd7 {[%emt 0:00:21]} 47. Re1 {[%emt 0:00:08]} gxf4+ {[%emt 0:00:10]} 48. Kxf4 {[%emt 0:00:01]} Bb5 {[%emt 0:00:02]} 49. g5+ {[%emt 0:00:04]} hxg5+ {[%emt 0:00:02]} 50. hxg5+ {[%emt 0:00:02]} 1-0

[Event "Gaprindashvili Cup Open II Stage 2020"]
[Site "Online"]
[Date "2020.11.08"]
[Round "5.15"]
[White "Chanturia, Lasha"]
[Black "Qalichava, Akaki"]
[Result "0-1"]
[WhiteElo "1761"]
[BlackElo "1877"]
[Annotator "NA RC"]
[PlyCount "126"]
[EventDate "2020.11.04"]
[EventType "swiss"]
[SourceTitle "playchess.com"]
[Source "ChessBase"]
[SourceQuality "1"]
[TimeControl "1500+5"]

1. b3 {[%emt 0:00:00]} d5 {[%emt 0:00:13]} 2. Bb2 {[%emt 0:00:03]} Nf6 {[%emt 0:00:02]} 3. e3 {[%emt 0:00:02]} c5 {[%emt 0:00:03]} 4. f4 {[%emt 0:00:02]} Nc6 {[%emt 0:00:08]} 5. Nf3 {[%emt 0:00:02]} e6 {[%emt 0:00:02]} 6. Be2 {[%emt 0:00:16]} Be7 {[%emt 0:00:03]} 7. O-O {[%emt 0:00:05]} O-O {[%emt 0:00:03]} 8. Ne5 {[%emt 0:00:06]} Qc7 {[%emt 0:00:07]} 9. Nxc6 {[%emt 0:00:09]} Qxc6 {[%emt 0:00:02]} 10. Qe1 {[%emt 0:00:02]} b6 {[%emt 0:00:05]} 11. d3 {[%emt 0:00:03]} Bb7 {[%emt 0:00:03]} 12. Qg3 {[%emt 0:00:04]} Ne8 {[%emt 0:00:22]} 13. Nd2 {[%emt 0:00:06]} Bf6 {[%emt 0:00:02]} 14. Bxf6 {[%emt 0:00:04]} Nxf6 {[%emt 0:00:03]} 15. Nf3 {[%emt 0:00:03]} b5 {[%emt 0:00:17]} 16. a4 {[%emt 0:00:06]} a6 {[%emt 0:00:04]} 17. Ne5 {[%emt 0:00:06]} Qc7 {[%emt 0:00:11]} 18. h4 {[%emt 0:00:50]} Nd7 {[%emt 0:00:19]} 19. h5 {[%emt 0:02:05]} f6 {[%emt 0:00:06]} 20. Ng4 {[%emt 0:00:05]} f5 {[%emt 0:00:20]} 21. Ne5 {[%emt 0:01:23]} Nxe5 {[%emt 0:00:05]} 22. fxe5 {[%emt 0:00:03]} Bc6 {[%emt 0:00:04]} 23. axb5 {[%emt 0:00:19]} axb5 {[%emt 0:00:02]} 24. h6 {[%emt 0:00:16]} g6 {[%emt 0:00:06]} 25. d4 {[%emt 0:00:23]} Qb6 {[%emt 0:01:08]} 26. Bh5 {[%emt 0:01:38]} Kh8 {[%emt 0:00:30]} 27. Rxa8 {[%emt 0:01:29]} Rxa8 {[%emt 0:00:30]} 28. dxc5 {[%emt 0:02:35]} Qxc5 {[%emt 0:00:08]} 29. Qg5 {[%emt 0:00:08]} Qf8 {[%emt 0:00:55]} 30. Bf3 {[%emt 0:00:04]} b4 {[%emt 0:01:16]} 31. Rd1 {[%emt 0:00:56]} Kg8 {[%emt 0:01:30]} 32. g4 {[%emt 0:00:25]} Qf7 {[%emt 0:02:08]} 33. gxf5 {[%emt 0:01:58]} Qxf5 {[%emt 0:00:03]} 34. Qxf5 {[%emt 0:00:04]} gxf5 {[%emt 0:00:06]} 35. Kf2 {[%emt 0:00:11]} Kf8 {[%emt 0:00:58]} 36. Rg1 {[%emt 0:00:24]} Ra7 {[%emt 0:00:04]} 37. Ke2 {[%emt 0:01:07]} Be8 {[%emt 0:00:12]} 38. Kd3 {[%emt 0:00:19]} Bg6 {[%emt 0:00:20]} 39. c4 {[%emt 0:03:08]} bxc3 {[%emt 0:02:10]} 40. Kxc3 {[%emt 0:00:30]} Rc7+ {[%emt 0:00:04]} 41. Kb2 {[%emt 0:00:13]} f4 {[%emt 0:01:28]} 42. exf4 {[%emt 0:00:05]} Rc2+ {[%emt 0:00:03]} 43. Ka3 {[%emt 0:00:05]} Rf2 {[%emt 0:00:06]} 44. Rg3 {[%emt 0:00:24]} d4 {[%emt 0:00:05]} 45. Bd1 {[%emt 0:01:12]} Rxf4 {[%emt 0:00:15]} 46. Rf3 {[%emt 0:00:26]} Rxf3 {[%emt 0:00:32]} 47. Bxf3 {[%emt 0:00:03]} Bd3 {[%emt 0:00:06]} 48. Kb2 {[%emt 0:00:19]} Kf7 {[%emt 0:00:37]} 49. Bh5+ {[%emt 0:00:20]} Ke7 {[%emt 0:00:02]} 50. Kc1 {[%emt 0:00:04]} Kd7 {[%emt 0:00:03]} 51. Kd2 {[%emt 0:00:04]} Bf5 {[%emt 0:00:04]} 52. Be2 {[%emt 0:00:05]} Kc6 {[%emt 0:00:09]} 53. Bc4 {[%emt 0:00:40]} Kc5 {[%emt 0:00:11]} 54. Ba6 {[%emt 0:00:50]} Kd5 {[%emt 0:00:25]} 55. b4 {[%emt 0:00:17]} Kxe5 {[%emt 0:00:03]} 56. b5 {[%emt 0:00:03]} Kd6 {[%emt 0:00:02]} 57. b6 {[%emt 0:00:05]} Kc6 {[%emt 0:00:06]} 58. b7 {[%emt 0:00:02]} Kc7 {[%emt 0:00:02]} 59. Ke2 {[%emt 0:00:12]} e5 {[%emt 0:00:06]} 60. Kf3 {[%emt 0:00:10]} Bb1 {[%emt 0:00:40]} 61. Ke2 {[%emt 0:00:10]} Be4 {[%emt 0:00:02]} 62. Kd2 {[%emt 0:00:49]} Bxb7 {[%emt 0:00:04]} 63. Bc4 {[%emt 0:00:03]} Be4 {[%emt 0:00:04]} 0-1

[Event "Gaprindashvili Cup Open II Stage 2020"]
[Site "Online"]
[Date "2020.11.08"]
[Round "5.16"]
[White "Elashvili, Giorgi"]
[Black "Tsanatsqenishvili, Alexandre"]
[Result "1-0"]
[WhiteElo "1857"]
[BlackElo "1702"]
[Annotator "NA RC"]
[PlyCount "163"]
[EventDate "2020.11.04"]
[EventType "swiss"]
[SourceTitle "playchess.com"]
[Source "ChessBase"]
[SourceQuality "1"]
[TimeControl "1500+5"]

1. Nf3 {[%emt 0:00:06]} Nf6 {[%emt 0:00:03]} 2. d4 {[%emt 0:00:02]} g6 {[%emt 0:00:08]} 3. g3 {[%emt 0:00:02]} Bg7 {[%emt 0:00:01]} 4. Bg2 {[%emt 0:00:02]} O-O {[%emt 0:00:02]} 5. O-O {[%emt 0:00:01]} d6 {[%emt 0:00:04]} 6. c4 {[%emt 0:00:02]} c5 {[%emt 0:00:13]} 7. d5 {[%emt 0:00:19]} a6 {[%emt 0:00:10]} 8. Nc3 {[%emt 0:00:02]} b5 {[%emt 0:00:33]} 9. cxb5 {[%emt 0:00:13]} axb5 {[%emt 0:00:02]} 10. Nxb5 {[%emt 0:00:01]} Ba6 {[%emt 0:00:02]} 11. Nc3 {[%emt 0:00:05]} Nbd7 {[%emt 0:00:02]} 12. Re1 {[%emt 0:00:13]} Qa5 {[%emt 0:00:11]} 13. Bd2 {[%emt 0:01:31]} Rfb8 {[%emt 0:02:16]} 14. Qc2 {[%emt 0:00:13]} Ng4 {[%emt 0:07:45]} 15. b3 {[%emt 0:01:40]} c4 {[%emt 0:02:27]} 16. Na4 {[%emt 0:00:40]} Qb5 {[%emt 0:01:21]} 17. Rab1 {[%emt 0:00:23]} Rc8 {[%emt 0:00:51]} 18. Qe4 {[%emt 0:00:31]} Ngf6 {[%emt 0:02:36]} 19. Qxe7 {[%emt 0:00:57]} Nxd5 {[%emt 0:00:13]} 20. Qxd6 {[%emt 0:00:50]} c3 {[%emt 0:04:54]} 21. Bf4 {[%emt 0:00:31]} Bf8 {[%emt 0:02:39]} 22. Nd4 {[%emt 0:00:15]} Bxd6 {[%emt 0:00:03]} 23. Nxb5 {[%emt 0:00:02]} Bxf4 {[%emt 0:00:08]} 24. gxf4 {[%emt 0:01:34]} Bxb5 {[%emt 0:00:07]} 25. Bxd5 {[%emt 0:00:02]} Rab8 {[%emt 0:00:02]} 26. Rbc1 {[%emt 0:00:24]} Bxa4 {[%emt 0:00:05]} 27. bxa4 {[%emt 0:00:02]} Rb2 {[%emt 0:00:02]} 28. Bb3 {[%emt 0:02:16]} Nf6 {[%emt 0:00:06]} 29. Rc2 {[%emt 0:02:16]} Rxc2 {[%emt 0:00:08]} 30. Bxc2 {[%emt 0:00:01]} Nd5 {[%emt 0:00:05]} 31. Rb1 {[%emt 0:02:20]} Nxf4 {[%emt 0:00:07]} 32. Kf1 {[%emt 0:00:27]} Kg7 {[%emt 0:00:04]} 33. e3 {[%emt 0:00:28]} Ne6 {[%emt 0:00:03]} 34. Ke2 {[%emt 0:00:06]} h5 {[%emt 0:00:02]} 35. Rb3 {[%emt 0:00:21]} Kf6 {[%emt 0:00:06]} 36. a5 {[%emt 0:00:10]} Rc6 {[%emt 0:00:06]} 37. Ra3 {[%emt 0:00:45]} Rc8 {[%emt 0:00:11]} 38. a6 {[%emt 0:00:06]} Ke7 {[%emt 0:00:02]} 39. a7 {[%emt 0:00:05]} Ra8 {[%emt 0:00:01]} 40. Be4 {[%emt 0:00:39]} c2 {[%emt 0:00:07]} 41. Bxc2 {[%emt 0:00:04]} Nc5 {[%emt 0:00:03]} 42. Bb3 {[%emt 0:01:01]} Nxb3 {[%emt 0:00:06]} 43. axb3 {[%emt 0:00:01]} Kd6 {[%emt 0:00:01]} 44. h4 {[%emt 0:00:27]} Kc5 {[%emt 0:00:03]} 45. Ra4 {[%emt 0:00:15]} Kb5 {[%emt 0:00:03]} 46. Kd3 {[%emt 0:00:08]} Rd8+ {[%emt 0:00:02]} 47. Rd4 {[%emt 0:00:03]} Ra8 {[%emt 0:00:02]} 48. Rd7 {[%emt 0:00:06]} f5 {[%emt 0:00:02]} 49. f4 {[%emt 0:00:08]} Kb4 {[%emt 0:00:02]} 50. Rb7+ {[%emt 0:00:07]} Kc5 {[%emt 0:00:03]} 51. b4+ {[%emt 0:00:05]} Kd5 {[%emt 0:00:06]} 52. Rg7 {[%emt 0:00:22]} Kc6 {[%emt 0:00:07]} 53. Rxg6+ {[%emt 0:00:02]} Kb5 {[%emt 0:00:01]} 54. Rg5 {[%emt 0:00:11]} Rd8+ {[%emt 0:00:03]} 55. Kc3 {[%emt 0:00:02]} Kb6 {[%emt 0:00:02]} 56. Rxf5 {[%emt 0:00:07]} Kxa7 {[%emt 0:00:02]} 57. Rxh5 {[%emt 0:00:01]} Re8 {[%emt 0:00:01]} 58. Kd4 {[%emt 0:00:03]} Kb6 {[%emt 0:00:01]} 59. Rc5 {[%emt 0:00:04]} Rh8 {[%emt 0:00:02]} 60. h5 {[%emt 0:00:01]} Rd8+ {[%emt 0:00:02]} 61. Rd5 {[%emt 0:00:02]} Re8 {[%emt 0:00:03]} 62. e4 {[%emt 0:00:01]} Kc6 {[%emt 0:00:02]} 63. b5+ {[%emt 0:00:02]} Kc7 {[%emt 0:00:02]} 64. f5 {[%emt 0:00:02]} Rh8 {[%emt 0:00:02]} 65. f6 {[%emt 0:00:01]} Rh6 {[%emt 0:00:02]} 66. f7 {[%emt 0:00:03]} Rh8 {[%emt 0:00:04]} 67. Rf5 {[%emt 0:00:03]} Rf8 {[%emt 0:00:01]} 68. h6 {[%emt 0:00:01]} Kd7 {[%emt 0:00:04]} 69. h7 {[%emt 0:00:01]} Ke7 {[%emt 0:00:01]} 70. h8=Q {[%emt 0:00:04]} Rxh8 {[%emt 0:00:02]} 71. f8=Q+ {[%emt 0:00:02]} Rxf8 {[%emt 0:00:02]} 72. Rxf8 {[%emt 0:00:01]} Kxf8 {[%emt 0:00:00]} 73. b6 {[%emt 0:00:02]} Ke7 {[%emt 0:00:02]} 74. b7 {[%emt 0:00:01]} Kf6 {[%emt 0:00:01]} 75. b8=Q {[%emt 0:00:02]} Kg5 {[%emt 0:00:01]} 76. Qf8 {[%emt 0:00:04]} Kg4 {[%emt 0:00:02]} 77. e5 {[%emt 0:00:02]} Kg3 {[%emt 0:00:01]} 78. Ke3 {[%emt 0:00:02]} Kg2 {[%emt 0:00:01]} 79. Qf3+ {[%emt 0:00:07]} Kg1 {[%emt 0:00:02]} 80. Qe2 {[%emt 0:00:03]} Kh1 {[%emt 0:00:02]} 81. Kf3 {[%emt 0:00:02]} Kg1 {[%emt 0:00:02]} 82. Qg2# {[%emt 0:00:01]} 1-0

[Event "Gaprindashvili Cup Open II Stage 2020"]
[Site "Online"]
[Date "2020.11.08"]
[Round "5.18"]
[White "Kupatadze, Tornike"]
[Black "Gogolashvili, Giorgi"]
[Result "0-1"]
[WhiteElo "1657"]
[BlackElo "1448"]
[Annotator "NA RC"]
[PlyCount "56"]
[EventDate "2020.11.04"]
[EventType "swiss"]
[SourceTitle "playchess.com"]
[Source "ChessBase"]
[SourceQuality "1"]
[TimeControl "1500+5"]

1. e4 {[%emt 0:00:00]} g6 {[%emt 0:00:16]} 2. d4 {[%emt 0:00:08]} Bg7 {[%emt 0:00:03]} 3. c4 {[%emt 0:00:04]} d6 {[%emt 0:00:02]} 4. Nc3 {[%emt 0:00:07]} Nc6 {[%emt 0:00:02]} 5. Be3 {[%emt 0:00:03]} e5 {[%emt 0:00:01]} 6. d5 {[%emt 0:00:02]} Nce7 {[%emt 0:00:02]} 7. Qd2 {[%emt 0:00:12]} f5 {[%emt 0:00:05]} 8. f3 {[%emt 0:00:01]} Nf6 {[%emt 0:00:05]} 9. Bd3 {[%emt 0:00:34]} O-O {[%emt 0:00:12]} 10. O-O-O {[%emt 0:00:25]} c5 {[%emt 0:00:38]} 11. h4 {[%emt 0:00:13]} f4 {[%emt 0:00:35]} 12. Bf2 {[%emt 0:00:11]} Bd7 {[%emt 0:00:07]} 13. Nh3 {[%emt 0:01:19]} a6 {[%emt 0:00:13]} 14. g4 {[%emt 0:00:16]} fxg3 {[%emt 0:00:46]} 15. Be3 {[%emt 0:00:10]} b5 {[%emt 0:00:33]} 16. Rdg1 {[%emt 0:00:38]} Nh5 {[%emt 0:00:18]} 17. Ne2 {[%emt 0:00:42]} bxc4 {[%emt 0:00:30]} 18. Bxc4 {[%emt 0:00:09]} Bxh3 {[%emt 0:04:23]} 19. Rxh3 {[%emt 0:00:12]} Qd7 {[%emt 0:00:01]} 20. Rhh1 {[%emt 0:02:01]} Rxf3 {[%emt 0:00:06]} 21. Nc3 {[%emt 0:00:03]} Nf4 {[%emt 0:05:23]} 22. Be2 {[%emt 0:02:14]} Nxe2+ {[%emt 0:00:29]} 23. Nxe2 {[%emt 0:00:08]} Qg4 {[%emt 0:00:45]} 24. Bg5 {[%emt 0:00:21]} g2 {[%emt 0:02:37]} 25. Rh2 {[%emt 0:00:23]} Rf1+ {[%emt 0:00:08]} 26. Kc2 {[%emt 0:00:18]} Qxe4+ {[%emt 0:00:03]} 27. Kc3 {[%emt 0:00:04]} Nxd5+ {[%emt 0:00:06]} 28. Kb3 {[%emt 0:00:07]} Rf3+ {[%emt 0:00:53]} 0-1

[Event "Gaprindashvili Cup Open II Stage 2020"]
[Site "Online"]
[Date "2020.11.08"]
[Round "5.19"]
[White "Kekelidze, Mikheil"]
[Black "Lomsadze, Davit"]
[Result "0-1"]
[WhiteElo "2388"]
[BlackElo "2303"]
[Annotator "TA"]
[PlyCount "94"]
[EventDate "2020.11.04"]
[EventType "swiss"]
[SourceTitle "playchess.com"]
[Source "ChessBase"]
[SourceQuality "1"]

{[%evp 15,93,61,68,41,44,33,73,61,73,76,76,76,76,76,70,71,76,76,78,85,79,84,81,73,172,74,74,74,148,141,195,168,181,160,227,159,144,123,189,153,147,142,134,128,208,101,119,111,119,0,12,0,0,0,400,416,453,448,693,703,875,874,913,904,845,845,825,216,158,56,58,70,92,-29995,-29996,-29996,-29997,-29998,-29999,-29999]} 1. d4 Nf6 2. Nf3 g6 3. c4 Bg7 4. Nc3 c5 5. d5 O-O 6. e4 d6 7. h3 e5 8. g4 {outshines the older 8.Bg5.} Na6 {[#]} 9. Rg1 $146 {E90: King's Indian: Classical: Early deviations and 6 h3.} ({Predecessor:} 9. Be3 Nc7 10. Nd2 Rb8 11. Be2 Nfe8 12. h4 f5 13. gxf5 gxf5 14. exf5 Bxf5 15. h5 Kh8 16. Nf1 Rg8 {0-1 (42) Wang,H (2706)-Bogdan,D (2381) Baile Govora 2017}) 9... Nc7 10. a4 a6 11. Be3 {White is better.} Rb8 12. a5 b5 13. axb6 $1 Rxb6 14. b3 Bd7 15. Nd2 Qe7 16. Be2 h6 17. h4 Nh7 18. g5 h5 19. Ra3 f5 {[#]} (19... Rfb8 $16 {was called for.}) 20. f3 (20. exf5 $1 $18 Bxf5 21. Nde4) 20... Rfb8 21. Qc2 fxe4 ({Black should try} 21... f4 22. Bf2 Qe8) 22. Ncxe4 Rf8 (22... Nf8 $16 {might work better.} 23. Bd3 Ne8) 23. Bd3 Bf5 24. Ke2 Rbb8 (24... Kh8 $16 25. Ra5 Rb7 26. Nxd6 Qxd6) 25. Rg3 Rf7 26. Ra1 Rbf8 (26... Kh8 $16 27. Nf1 Nf8) 27. Qc3 Rb8 28. Rag1 Kh8 29. Qa5 Qd7 {[#]} (29... Ne8 $16 30. Qxa6 Nf8) 30. Kd1 (30. Rb1 $1 $18 {and White stays clearly on top.}) 30... Rff8 31. Kc2 Rb7 32. Bxc5 ({Better is} 32. Kc1 $16) 32... dxc5 $11 33. Nxc5 {[%mdl 64] Double Attack} Bxd3+ 34. Kxd3 e4+ $2 {[%mdl 8192]} (34... Qf5+ $11 {and Black is okay.} 35. Ke2 Ra7) 35. Ndxe4 $18 Qf5 36. Nxb7 Qe5 (36... Nb5 $142 37. Nbc5 Nd4) 37. Nbc5 Ne8 38. Ne6 Qb2 39. Qb6 Rf7 40. Qb8 Nf8 41. Qxe8 $2 (41. Rd1) 41... Qxb3+ 42. Ke2 (42. Kd2 $16 Qb2+ 43. Kd1 Qb3+ 44. Ke1) 42... Qxc4+ $14 43. Kf2 Qc2+ 44. Kf1 $4 {[%mdl 8192] Loses the game.} (44. Ke3 $16 Qb3+ 45. Ke2 Qc4+ 46. Kf2 Qc2+ 47. Ke3 Qb3+ 48. Kf2 Qc2+) 44... Rb7 {[%cal Rb7b1] Black mates.} 45. Nc3 Rb2 {[%csl Gb2][%cal Rc2f2]} 46. Ke1 Qd2+ 47. Kf1 Qf2# {Av CentiPawn Loss W=-35/B=-41. Weighted=-33/-38} 0-1